Percy Jackson A-Z Quiz Stats

 Plays Quiz Updated Dec 19, 2014

Also try: Harry Potter A-Z
Challenge
Share
Tweet
Embed
Score 0/23 Timer 04:00
9 Plays Today
Hint Answer % Correct
Percy's best friendAnnabeth
93.8%
Satyr who finds Lord of the WildGrover
88.6%
Nickname for the Main Three GodsBig Three
87.8%
Location of Mt. Olympus in New York CityEmpire State Building
80.2%
Other name for DemigodsHalf-bloods
78.7%
Three sisters that cut a rope in front of PercyFates
73%
Roman name for Goddess of Love; PlanetVenus
71.9%
First monster Percy fightsMinotaur
71.5%
Name of Percy's sword/ballpoint penRiptide
69.6%
Cyclops that appears in 2nd book; Percy's half-brotherTyson
69.6%
Character that ferries dead souls into UnderworldCharon
68.5%
Percy's Mom's nameSally
67.5%
Hint Answer % Correct
Son of Hermes who was tricked by Kronos into hosting his spiritLuke Castellan
66.1%
God of the Sea, Percy's fatherPoseidon
64.9%
Rachel Elizabeth Dare becomes this, replacing a mummyOracle of Delphi
63.6%
2-Headed God that appears and offers Annabeth a choiceJanus
62.2%
Creator of the LabyrinthDaedalus
60.6%
Daughter of Atlas; Hunter for ArtemisZoe Nightshade
58%
Name Percy (and best friend) use to distract Polyphemus after Odysseus used itNobody
54.9%
Son of Great Inventor; Percy sees him die in a dream from waxed feathersIcarus
54.4%
Name of empousa that escapes Percy's attack the first timeKelli
46.5%
Demigod who became the head counselor of the Apollo cabin after Michael Yew goes missingWill Solace
45.5%
Half-blood that comes to camp along with Mrs. O'Leary (note: not his actual name)Quintus
39.6%

You're not logged in!

Compare scores with friends on all Sporcle quizzes.
Join for Free
OR
Log In

You Might Also Like...

Show Comments

Extras

Top Quizzes Today


Score Distribution

Your Account Isn't Verified!

In order to create a playlist on Sporcle, you need to verify the email address you used during registration. Go to your Sporcle Settings to finish the process.

Report this User

Report this user for behavior that violates our Community Guidelines.

Details: